Make your own electric guitar

Bibliographic Details
Main Author: Hiscock, Melvyn
Format: Book
Published: London : Blandford , 1995
Subjects:

MARC

LEADER 00000cam a2200000 7i4500
001 0000006941
002 000007476
005 20000330.0
020 |a 0713717068 
090 0 0 |a 787.612   |b HIS 
100 1 |a Hiscock, Melvyn 
245 1 0 |a Make your own electric guitar   |c Melvyn Hiscock 
260 |a London :   |b Blandford ,   |c 1995 
300 |a 159p. ;   |c 24cm. 
650 0 0 |a Guitar 
650 0 0 |a Guitar-makers 
650 0 0 |a Guitar   |x Construction 
999 |a 048760   |b BUKU   |c PINJAMAN   |e PERPUSTAKAAN KOMUNITI PETALING JAYA